000 00522nam a22001817a 4500
003 OSt
005 20250515145924.0
008 250515b |||||||| |||| 00| 0 eng d
020 _a9783030634810
040 _crda
100 _aWirtz, Bernd W..,
_eauthor
_9784435
245 _aDigital Business and Electronic Commerce:
_bStrategy, Business Models and Technology
_cby Bernd W. Wirtz
260 _aGermany:
_bSpringer,
_c2021
300 _axviii,758p.
650 _2Business
650 _2Commerce
942 _2CC
_cGB
_n0
999 _c1400898
_d1400898